Football players with the most club titles - Statistics

General Stats
  • This quiz has been taken 50 times
  • The average score is 7 of 24
Answer Stats
Titles Player % Correct
31 Cristiano Ronaldo
100%
39 Lionel Messi
100%
32 Toni Kroos
60%
32 Thomas Müller
57%
35 Andres Iniesta
55%
34 Gerard Pique
48%
30 Luka Modric
48%
32 Karim Benzema
40%
35 Dani Alves
38%
30 Manuel Neuer
38%
32 Zlatan Ibrahimovic
31%
34 Ryan Giggs
19%
30 Arjen Robben
12%
31 Thiago Silva
12%
35 David Alaba
10%
36 Maxwell
7%
33 Sergio Busquets
7%
30 Fernandinho
2%
30 Marco Verratti
2%
30 Marquinhos
2%
32 Thiago Alcántara
2%
37 Hossam Ashour
0%
34 Kenny Dalglish
0%
34 Vitor Baia
0%
No matching quizzes found
Score Distribution
Percent of People with Each Score
Percentile by Number Answered
Your Score History
You have not taken this quiz